=LDR 00000nam 2200000 4500 =001 NUTBA000000000005253 =005 20221122101718 =035 ##$$a 0010-101400000000483 =008 221122################g##########0#ind## =020 ##$$a 979-692-232-0 =040 ##$$a N =090 ##$$a 92 ( Sukarno ) $c Sar m =100 ##$$a Sari pusparini Soleh =245 1#$$a Masa Prakemerdekaan Putra sang fajar II 1938-1945 /$c Sari pusparini Soleh =250 ##$$a Cet. 4 =260 ##$$a Bandung :$b Remaja Rosda Karya,$c 2006 =300 ##$$a vi, 65 hlm. : $b ilus. ; $c 28 cm. =650 #4$$a Soekarno 1938-1945 =850 ##$$a NBPDMAT =082 ##$$a 028.55 =084 ##$$a 028.55 SAR m =504 ##$$a Bibliografi: hal. 66 =990 ##$$a 21413492 =990 ##$$a 21413496 =990 ##$$a 21411717 =990 ##$$a 21411718 =990 ##$$a 21411719 =990 ##$$a 21411720 =990 ##$$a 21411721 =990 ##$$a 20702437 =990 ##$$a 20702440 =990 ##$$a 20702438